| 000 | 00662nam a22002057a 4500 | ||
|---|---|---|---|
| 003 | 0 | ||
| 005 | 20230908123812.0 | ||
| 008 | 230908b xxu||||| |||| 00| 0 eng d | ||
| 020 | _a978-1-284-26217-9 | ||
| 050 |
_aRJ 245 _b.L55 2024 |
||
| 100 | _aLinnard-Palmer, Luanne | ||
| 245 |
_aPediatric nursing care : a concept-based approach _cLuanne Linnard-Palmer |
||
| 250 | _aSecond edition | ||
| 260 |
_aBurlington, MA _bJones & Bartlett Learning _cc2024. |
||
| 300 |
_axviii,591 pages : _bcol. ill. ; _c28 cm. |
||
| 500 | _aPediatric Nursing. | ||
| 504 | _aIncludes bibliographical references and index. | ||
| 650 | _aPediatric Nursing. | ||
| 942 |
_2lcc _cBK |
||
| 999 |
_c365269 _d365269 |
||